Historické drama volyňských Čechů

Titel: Historické drama volyňských Čechů / Karel Richter
Verfasser:
Ausgabe: 1. vyd.
Veröffentlicht: Praha : Nakl. Epocha [u.a, 2015
Umfang: 431 S. : Ill.
Format: Buch
Sprache: Tschechisch
RVK-Notation:
Schlagworte:
ISBN: 9788074252440
Buchumschlag
X
alg: 50793121
001A    $03004:24-05-23 
001B    $01999:10-12-24 $t07:50:29.000 
001D    $03004:24-05-23 
001U    $0utf8 
001X    $00 
002@    $0Aau 
002C    $aText $btxt $2rdacontent 
002D    $aohne Hilfsmittel zu benutzen $bn $2rdamedia 
002E    $aBand $bnc $2rdacarrier 
003@    $0507931211 
004A    $A978-80-7425-244-0 
006C    $0910922702 $aOCoLC 
007A    $0BV042563379 $aBVB 
007G    $0DE02022A5079523D9E138C12589BB003707E8 
009P    $qapplication/pdf $A2 $3Inhaltsverzeichnis $uhttp://scans.hebis.de/HEBCGI/show.pl?50793121_toc.pdf $mV:DE-603;B:DE-Mb50 
009P    $qapplication/pdf $A2 $3Abstract $uhttp://scans.hebis.de/HEBCGI/show.pl?50793121_sum.pdf $mV:DE-603;B:DE-Mb50 
009P    $qapplication/pdf $A2 $3Cover $uhttp://scans.hebis.de/HEBCGI/show.pl?50793121_cov.pdf $mV:DE-603;B:DE-Mb50 
009P    $qapplication/pdf $A2 $3Buch Bibliographie $uhttp://scans.hebis.de/HEBCGI/show.pl?50793121_bib.pdf $mV:DE-603;B:DE-Mb50 
010@    $acze 
011@    $a2015 $n2015 
021A    $aHistorické drama volyňských Čechů $hKarel Richter 
028A    $BVerfasser $#Richter, ... $4aut $7135790042 $8Richter, Karel$Z1930-2021 [Tp3] $9202006808 
032@    $a1. vyd. 
033A    $pPraha $nNakl. Epocha [u.a 
034D    $a431 S. 
034M    $aIll. 
044K    $qBVB $RUkrainische SSR $#Ukraine $#Ukraine $#Украïна $#Ukrainische SSR $#Ukrajina $#Ukraina $#Ukraïna Ukraine $#Ukraina Ukraine $#Ukrajna $74061496-7 $8Ukraine [Tgz] $9085170801 
044K    $qBVB $#Wolhynien $#Volynʹ $#Wołyń $74079380-1 $8Wolynien [Tg1] $9085225665 
044K    $qBVB $RTschechin $#Czechs $#Tchèques $#Tschechen $#Tscheche $#Czechs $74061083-4 $8Tschechen [Ts1] $9085169609 
045F    $a900.943710904 $eDDC22BSB 
045F/01 $a900 
045F/03 $f0904 
045F/03 $f09034 
045F/03 $g4371 
045R    $aGeschichte 1868-1948 
045T    $a7,41 
045Z    $8KS 7515 [Tkv] $9409331619 

lok: 50793121 24

exp: 50793121 24 1 #EPN
201B/01 $024-05-23 $t10:53:21.000 
201C/01 $019-06-15 
201U/01 $0utf8 
203@/01 $0755783174 
208@/01 $a24-05-23 $bz 
209A/01 $a23.01635 $du $f050 $h23 01635 $x00 
209C/01 $a23.01635 K $h23 01635 K 
209G/01 $a74574017 $x00 
220C/01 $akon 
247C/01 $8358050-7 Marburg, Bibliothek des Herder-Instituts Marburg $9102600961
LEADER 00000cam a2200000 c 4500
001 507931211
003 DE-603
005 20241210075029.0
007 tu
008 230524s2015 xx |||| | u00||u|cze c
020 |a 9788074252440 
035 |a (DE-599)BVBBV042563379 
040 |a DE-603  |b ger  |c DE-603  |d DE-603 
041 |a cze 
082 0 4 |8 1\u  |a 900.943710904  |q DE-101  |2 22/BSB 
084 |a 7,41  |2 ssgn 
084 |a KS 7515  |0 (DE-625)84610:  |0 (DE-603)409331619  |2 rvk 
085 |8 1\u  |b 900 
085 |8 1\u  |z 1  |s 0904 
085 |8 1\u  |z 1  |s 09034 
085 |8 1\u  |z 2  |s 4371 
100 1 |a Richter, Karel  |d 1930-2021  |e Verfasser  |4 aut  |0 (DE-603)202006808  |0 (DE-588)135790042  |2 gnd 
245 0 0 |a Historické drama volyňských Čechů  |c Karel Richter 
250 |a 1. vyd. 
264 1 |a Praha  |b Nakl. Epocha [u.a  |c 2015 
300 |a 431 S.  |b Ill. 
336 |a Text  |b txt  |2 rdacontent 
337 |a ohne Hilfsmittel zu benutzen  |b n  |2 rdamedia 
338 |a Band  |b nc  |2 rdacarrier 
648 7 |a Geschichte 1868-1948  |2 gnd 
650 7 |a Tschechen  |0 (DE-588)4061083-4  |0 (DE-603)085169609  |2 gnd 
651 7 |a Ukraine  |0 (DE-588)4061496-7  |0 (DE-603)085170801  |2 gnd 
651 7 |a Wolynien  |0 (DE-588)4079380-1  |0 (DE-603)085225665  |2 gnd 
856 4 2 |m V:DE-603;B:DE-Mb50  |q application/pdf  |u http://scans.hebis.de/HEBCGI/show.pl?50793121_toc.pdf  |3 Inhaltsverzeichnis 
856 4 2 |m V:DE-603;B:DE-Mb50  |q application/pdf  |u http://scans.hebis.de/HEBCGI/show.pl?50793121_sum.pdf  |3 Abstract 
856 4 2 |m V:DE-603;B:DE-Mb50  |q application/pdf  |u http://scans.hebis.de/HEBCGI/show.pl?50793121_cov.pdf  |3 Cover 
856 4 2 |m V:DE-603;B:DE-Mb50  |q application/pdf  |u http://scans.hebis.de/HEBCGI/show.pl?50793121_bib.pdf  |3 Buch Bibliographie 
924 0 |9 Mb 50  |a (DE-603)755783174  |b DE-Mb50  |c HES  |d c  |g 23.01635